000 00499nam a22001577a 4500
005 20260303150848.0
008 260303b |||||||| |||| 00| 0 eng d
020 _a978-9914-709-74-2
100 _aWAWERU, GEORGE
245 _aMENTOR AGRICULTURE: LEARNER'S BOOK, GRADE 10
260 _aNAIROBI
_bMENTOR PUBLISHING CO. LTD
_c2025
300 _aII, 166P.
650 _aAGRICULTURE-TEXTBOOK-STUDY AND TEACHING (SECONDARY)
700 _aI. MUNYAO, PATRICK II. WAITHAKA , PATRICK
942 _2lcc
_cBK
999 _c216772
_d216772